000 01134nam2a22002531 4500
001 rc\4126654
005 20250611002218.0
021 _aRU
_b[54-48435]
035 _a(NLR Aleph) 007983683
090 _a8535252
_c8535252
100 _a20130415d1954 |||y0rusy50 ca
101 1 _arus
_cpol
102 _aRU
105 _ay z |||a|
200 1 _aBene nati (Благородные)
_aПрерванная идиллия
_aАргонавты
_e[Повести
_fПер.: Е. Рифтиной]
210 _d1954
_aБ. м.
215 _a504 с.
_d20
461 0 _1001rc\4126650
_12001#$aСочинения$eВ 5 т.$e[Пер. с пол.$fВступ. статья Е. Цыбенко, с. 5-25]. Т. 1-5$vТ. 4
_1700#1$aОжешко$bЭ.$f1841-1910$gЭлиза
_98535228
_aОжешко, Э. (1841-1910)
_cМосква
_d1953-1954
_fВступ. статья Е. Цыбенко, с. 5-25]. Т. 1-5
_nГослитиздат
_oВ 5 т. : [Пер. с пол.
_p5 т.
_tСочинения
_vТ. 4
702 1 _aРифтина
_bЕ.
_4730
801 0 _aRU
_bNLR
_gpsbo
801 1 _aRU
_bELAR
_2rusmarc
852 _aNLR
_jЛ60 Г-3/476
942 _cBOOK
980 _aNB